[Event "Robert Silk International"]
[Site "London, Bishopsgate"]
[Date "1978.07.21"]
[Round "5"]
[White "Botterill, George Steven"]
[Black "Plaskett, H James"]
[Result "1-0"]
[WhiteElo "2400"]
[BlackElo "2410"]
[PlyCount "83"]
[EventDate "1978.07.16"]
[EventType "tourn"]
[EventRounds "9"]
[EventCountry "ENG"]
[SourceTitle "BritBase"]
[Source "John Saunders"]
[SourceDate "2024.10.24"]
[SourceVersion "1"]
[SourceVersionDate "2024.10.24"]
[SourceQuality "1"]

1. c4 Nf6 2. Nc3 e5 3. g3 Bb4 4. Bg2 O-O 5. Nf3 Nc6 6. O-O Bxc3 7. dxc3 d6 8. Qc2 Be6 9. b3 h6 10. e4 Qd7 11. Rd1 b6 12. Nd2 a5 13. a4 Bh3 14. Nf1 Nh7 15. Ne3 Ne7 16. f4 exf4 17. gxf4 Ng6 18. Nf5 Bg4 19. Rf1 Rae8 20. Ne3 Bh3 21. f5 Bxg2 22. Qxg2 Ne5 23. f6 Ng6 24. fxg7 Kxg7 25. Nf5+ Kh8 26. Bxh6 Rg8 27. Kh1 Qe6 28. Rae1 Qe5 29. Qh3 Ne7 30. Bd2 Rg6 31. Nh6 Qe6 32. Nxf7+ Kg7 33. Qxe6 Rxe6 34. Rf3 Ng6 35. Rg1 Nf6 36. Ng5 Re5 37. Be3 c5 38. Bf4 R5e7 39. Bxd6 Rd7 40. e5 Nxe5 41. Bxe5 Rxe5 42. Ne4+ {Source: Andy Ansel, 24 October 2024} 1-0

[Event "Robert Silk International"]
[Site "London, Bishopsgate"]
[Date "1978.07.21"]
[Round "5"]
[White "Durao, Joaquim Manuel"]
[Black "Goodman, David SC"]
[Result "0-1"]
[WhiteElo "2315"]
[BlackElo "2320"]
[PlyCount "104"]
[EventDate "1978.07.16"]
[EventType "tourn"]
[EventRounds "9"]
[EventCountry "ENG"]
[SourceTitle "BritBase"]
[Source "John Saunders"]
[SourceDate "2024.10.24"]
[SourceVersion "1"]
[SourceVersionDate "2024.10.24"]
[SourceQuality "1"]

1. e4 g6 2. d4 d6 3. Nc3 Bg7 4. f4 Nc6 5. Be3 Nf6 6. Nf3 O-O 7. e5 Ng4 8. Bg1 a6 9. h3 Nh6 10. g4 b5 11. Bg2 Na5 12. Qe2 b4 13. Ne4 f5 14. exf6 exf6 15. O-O-O Re8 16. Qd3 f5 17. Neg5 fxg4 18. Nh4 c6 19. Bf2 g3 20. Bxg3 d5 21. Rde1 Rxe1+ 22. Rxe1 Nf5 23. Bf2 Nc4 24. Qe2 Ncd6 25. Ne6 Qe7 26. Nxf5 Nxf5 27. Nxg7 Qxe2 28. Rxe2 Kxg7 29. Re8 Bb7 30. Rxa8 Bxa8 31. c3 bxc3 32. bxc3 Kf6 33. Bf1 Bb7 34. Bd3 Bc8 35. Kb2 Nd6 36. Bh4+ Kf7 37. Bf1 Ne4 38. Be1 Kf6 39. h4 Nd6 40. Kc1 Kf5 41. c4 Kxf4 42. cxd5 cxd5 43. Kd2 Ne4+ 44. Kd3 h6 45. Ba5 Kf3 46. Be2+ Kf2 47. Bd1 g5 48. hxg5 hxg5 49. Bb3 Be6 50. Bc4 g4 51. Bd8 g3 52. Bh4 Kf3 {Source: Andy Ansel, 24 October 2024} 0-1

[Event "Robert Silk International"]
[Site "London, Bishopsgate"]
[Date "1978.07.21"]
[Round "5"]
[White "Kraidman, Yair"]
[Black "Silva, Fernando"]
[Result "1-0"]
[WhiteElo "2455"]
[BlackElo "2350"]
[PlyCount "73"]
[EventDate "1978.07.16"]
[EventType "tourn"]
[EventRounds "9"]
[EventCountry "ENG"]
[SourceTitle "BritBase"]
[Source "John Saunders"]
[SourceDate "2024.10.24"]
[SourceVersion "1"]
[SourceVersionDate "2024.10.24"]
[SourceQuality "1"]

1. d4 Nf6 2. c4 g6 3. Nc3 d5 4. Bf4 Bg7 5. e3 O-O 6. Rc1 c5 7. dxc5 Be6 8. Nf3 Qa5 9. Be2 dxc4 10. Nd4 Nd5 11. Nxe6 fxe6 12. Bxc4 Nxf4 13. exf4 Nc6 14. Qg4 Qxc5 15. Bxe6+ Kh8 16. O-O Rad8 17. Ne4 Qb4 18. Ng5 Qxf4 19. Qxf4 Rxf4 20. Nf7+ Rxf7 21. Bxf7 Bxb2 22. Rb1 Rd2 23. Rfd1 Rxd1+ 24. Rxd1 Bd4 25. Bd5 e5 26. Rb1 Na5 27. Rc1 h5 28. Bxb7 Nxb7 29. Rc8+ Kg7 30. Rc7+ Kf6 31. Rxb7 e4 32. Kf1 g5 33. Rb4 Ke5 34. Rb5+ Kf6 35. Ke2 Bb6 36. h3 Kg6 37. Re5 {Source: Andy Ansel, 24 October 2024} 1-0

[Event "Robert Silk International"]
[Site "London, Bishopsgate"]
[Date "1978.07.21"]
[Round "5"]
[White "Littlewood, Paul E"]
[Black "Wade, Robert Graham"]
[Result "1-0"]
[WhiteElo "2345"]
[BlackElo "2335"]
[PlyCount "53"]
[EventDate "1978.07.16"]
[EventType "tourn"]
[EventRounds "9"]
[EventCountry "ENG"]
[SourceTitle "BritBase"]
[Source "John Saunders"]
[SourceDate "2024.10.24"]
[SourceVersion "1"]
[SourceVersionDate "2024.10.24"]
[SourceQuality "1"]

1. e4 c6 2. f4 d5 3. e5 c5 4. d3 Nc6 5. Be3 Nh6 6. Nd2 d4 7. Bf2 g5 8. fxg5 Ng4 9. Qe2 Ngxe5 10. h3 Be6 11. Ngf3 Bg7 12. Bg3 Nxf3+ 13. gxf3 Qb6 14. Bg2 Qxb2 15. O-O O-O 16. f4 Bxa2 17. f5 f6 18. g6 e5 19. Nc4 Bxc4 20. Rfb1 Bxd3 21. Bd5+ Kh8 22. Qh5 Qxb1+ 23. Rxb1 h6 24. cxd3 Nb4 25. Rxb4 cxb4 26. Be1 Rfd8 27. Bd2 {Source: Andy Ansel, 24 October 2024} 1-0

[Event "Robert Silk International"]
[Site "London, Bishopsgate"]
[Date "1978.07.21"]
[Round "5"]
[White "Speelman, Jonathan S"]
[Black "Hodgson, Julian M"]
[Result "1-0"]
[WhiteElo "2410"]
[BlackElo "2265"]
[PlyCount "67"]
[EventDate "1978.07.16"]
[EventType "tourn"]
[EventRounds "9"]
[EventCountry "ENG"]
[SourceTitle "BritBase"]
[Source "John Saunders"]
[SourceDate "2024.10.24"]
[SourceVersion "1"]
[SourceVersionDate "2024.10.24"]
[SourceQuality "1"]

1. e4 c6 2. c4 d5 3. cxd5 cxd5 4. exd5 Nf6 5. Nc3 g6 6. Bc4 Bg7 7. Nf3 O-O 8. O-O Nbd7 9. d3 Nb6 10. Qb3 Bf5 11. Re1 Rc8 12. Be3 Nxc4 13. dxc4 b6 14. Nb5 a6 15. Na7 Ra8 16. Nc6 Qd6 17. Bxb6 e6 18. Bd4 exd5 19. Ne7+ Kh8 20. c5 Qd8 21. Qe3 Nh5 22. Nxf5 gxf5 23. Rad1 Rc8 24. b4 Rc6 25. Bxg7+ Nxg7 26. Qe5 Rg6 27. Qxd5 Qb8 28. Ne5 Rh6 29. Nxf7+ Rxf7 30. Qxf7 Qxh2+ 31. Kf1 Qb8 32. Re7 Rh1+ 33. Ke2 Qb5+ 34. Rd3 {Source: Andy Ansel, 24 October 2024} 1-0

[Event "Robert Silk International"]
[Site "London, Bishopsgate"]
[Date "1978.07.22"]
[Round "6"]
[White "Littlewood, Paul E"]
[Black "Speelman, Jonathan S"]
[Result "0-1"]
[WhiteElo "2345"]
[BlackElo "2410"]
[Annotator "Speelman, J"]
[PlyCount "64"]
[EventDate "1978.07.16"]
[EventType "tourn"]
[EventRounds "9"]
[EventCountry "ENG"]
[SourceTitle "BritBase"]
[Source "John Saunders"]
[SourceDate "2024.10.24"]
[SourceVersion "1"]
[SourceVersionDate "2024.10.24"]
[SourceQuality "1"]

1. e4 c5 2. c3 b6 ({I've played this before against Paul. In the morning I had glanced at} 2... Nf6 {, but when it came to it I just had to play ...b6.}) 3. d4 Bb7 4. Bd3 (4. d5 {is possible.}) 4... cxd4 $6 {Extremely dubious.} 5. cxd4 Nc6 6. Nf3 (6. d5) 6... Nb4 $5 7. Bc4 $5 ({White can just play} 7. Nc3 Nxd3+ 8. Qxd3 {, when he has a considerable advantage in development for the two bishops.}) 7... Rc8 8. Ne5 e6 (8... Rxc4 $5 {certainly came into consideration.}) 9. Nc3 f6 $5 ({Black gets some play, but probably not enough.} 9... Bd6 {might have been more sensible (} 10. Nb5 $5 Bb8 $1 {)}) 10. Qh5+ g6 11. Nxg6 hxg6 12. Qxh8 Kf7 13. Qh7+ $5 {This could have been omitted.} Bg7 14. Bb3 ({I was more worried about} 14. Nb5 d5 15. Bf4 {but} Rc6 {seems very adequate.}) 14... Nd3+ 15. Ke2 Ba6 16. Kf3 Nxc1 {A bit disagreeable, but I couldn't find anything better.} 17. Raxc1 Nh6 18. Nd5 $6 (18. h4 $1 {leaves White with the advantage, for} f5 19. h5 Rxc3+ 20. Rxc3 fxe4+ {just doesn't work after e.g.} 21. Kxe4 d5+ 22. Kf3 Qf6+ 23. Kg3 Qg5+ (23... Nf5+ 24. Kh2 {, etc}) 24. Kh2 {and Black runs out of checks.}) 18... f5 19. Rxc8 $4 ({White should play} 19. Nf4 Qg5 20. Qxg6+ {with an unclear ending probably quite good for him.}) 19... fxe4+ ({Not} 19... Qh4 20. Rf8+ $3 {(the only move)} Kxf8 21. Qxg6 {defending.}) 20. Kxe4 Qh4+ 21. f4 ({When playing 9 Rxc8, Paul had missed that} 21. Nf4 {can be met by} d5+ {, which wins.}) 21... Bxc8 {And Black is winning.} 22. Ne3 Qf2 23. Rc1 {Other moves also lose.} d5+ 24. Nxd5 ({Or} 24. Bxd5 exd5+ 25. Kxd5 Bb7+ 26. Kd6 Qxf4+ {, winning.}) 24... Qe2+ 25. Ne3 Bb7+ 26. d5 exd5+ 27. Bxd5+ Bxd5+ 28. Kxd5 Qd2+ $1 {The simplest.} 29. Ke4 Qxc1 30. g4 Qc6+ 31. Kd3 Nxg4 32. Nxg4 Qd7+ {Sources: BCM, November 1978, p484; New Chess Player, Vol.4/1978/D, p111} 0-1

[Event "Robert Silk International"]
[Site "London, Bishopsgate"]
[Date "1978.07.22"]
[Round "6"]
[White "Hodgson, Julian M"]
[Black "Botterill, George Steven"]
[Result "1/2-1/2"]
[WhiteElo "2265"]
[BlackElo "2400"]
[PlyCount "46"]
[EventDate "1978.07.16"]
[EventType "tourn"]
[EventRounds "9"]
[EventCountry "ENG"]
[SourceTitle "BritBase"]
[Source "John Saunders"]
[SourceDate "2024.10.24"]
[SourceVersion "1"]
[SourceVersionDate "2024.10.24"]
[SourceQuality "1"]

1. e4 d6 2. d4 g6 3. Nc3 Bg7 4. Nf3 Nf6 5. Bg5 c6 6. Qd2 Bg4 7. Bh6 Bxh6 8. Qxh6 Bxf3 9. gxf3 Qa5 10. O-O-O Nbd7 11. Bc4 Qh5 12. Qe3 Qh4 13. Bb3 e5 14. Ne2 O-O 15. Rhg1 Kh8 16. Rg2 Qh3 17. Rg3 Qh4 18. dxe5 dxe5 19. f4 exf4 20. Nxf4 Rae8 21. f3 a5 22. Rdg1 Ng8 23. Rg4 Qh6 {Source: Andy Ansel, 24 October 2024} 1/2-1/2

[Event "Robert Silk International"]
[Site "London, Bishopsgate"]
[Date "1978.07.22"]
[Round "6"]
[White "Plaskett, H James"]
[Black "Kraidman, Yair"]
[Result "1-0"]
[WhiteElo "2410"]
[BlackElo "2455"]
[PlyCount "91"]
[EventDate "1978.07.16"]
[EventType "tourn"]
[EventRounds "9"]
[EventCountry "ENG"]
[SourceTitle "BritBase"]
[Source "John Saunders"]
[SourceDate "2024.10.24"]
[SourceVersion "1"]
[SourceVersionDate "2024.10.24"]
[SourceQuality "1"]

1. e4 e5 2. Nf3 Nc6 3. Bb5 a6 4. Ba4 Nf6 5. O-O Be7 6. Re1 b5 7. Bb3 d6 8. c3 O-O 9. d4 Bg4 10. d5 Na5 11. Bc2 c6 12. h3 Bh5 13. dxc6 Qc7 14. Nbd2 Nxc6 15. Nf1 Bxf3 16. Qxf3 Rfe8 17. Bg5 Nd7 18. Bxe7 Nxe7 19. Bb3 Rf8 20. Ne3 Nc5 21. Rad1 Nxb3 22. axb3 a5 23. Nf5 Ra6 24. Qd3 Nxf5 25. exf5 Rb8 26. f6 gxf6 27. Re4 Qc8 28. Rh4 Kf8 29. Rxh7 Ke7 30. f4 Qe6 31. fxe5 dxe5 32. Qg6 Ra7 33. h4 Rh8 34. Qd3 Qb6+ 35. Kh1 Rxh7 36. Qxh7 Qf2 37. Qd3 Qxh4+ 38. Kg1 Kf8 39. Qd8+ Kg7 40. Rd3 Ra6 41. Rh3 Qe1+ 42. Kh2 Kg6 43. Rg3+ Kf5 44. Qd7+ Re6 45. Qxf7 Rb6 46. Qd7+ {Source: Andy Ansel, 24 October 2024} 1-0

[Event "Robert Silk International"]
[Site "London, Bishopsgate"]
[Date "1978.07.22"]
[Round "6"]
[White "Silva, Fernando"]
[Black "Durao, Joaquim Manuel"]
[Result "1/2-1/2"]
[WhiteElo "2350"]
[BlackElo "2315"]
[PlyCount "29"]
[EventDate "1978.07.16"]
[EventType "tourn"]
[EventRounds "9"]
[EventCountry "ENG"]
[SourceTitle "BritBase"]
[Source "John Saunders"]
[SourceDate "2024.10.24"]
[SourceVersion "1"]
[SourceVersionDate "2024.10.24"]
[SourceQuality "1"]

1. b3 d5 2. Bb2 e6 3. e3 c5 4. Nf3 Nf6 5. Bb5+ Bd7 6. Qe2 Bxb5 7. Qxb5+ Qd7 8. Qxd7+ Nbxd7 9. d3 Be7 10. c4 dxc4 11. dxc4 Ne4 12. Nbd2 Nxd2 13. Nxd2 Bf6 14. Bxf6 Nxf6 15. f3 {Source: Andy Ansel, 24 October 2024} 1/2-1/2

[Event "Robert Silk International"]
[Site "London, Bishopsgate"]
[Date "1978.07.22"]
[Round "6"]
[White "Wade, Robert Graham"]
[Black "Goodman, David SC"]
[Result "1-0"]
[WhiteElo "2335"]
[BlackElo "2320"]
[PlyCount "71"]
[EventDate "1978.07.16"]
[EventType "tourn"]
[EventRounds "9"]
[EventCountry "ENG"]
[SourceTitle "BritBase"]
[Source "John Saunders"]
[SourceDate "2024.10.24"]
[SourceVersion "1"]
[SourceVersionDate "2024.10.24"]
[SourceQuality "1"]

1. c4 g6 2. Nc3 Bg7 3. g3 e5 4. Bg2 Nc6 5. e3 d6 6. Nge2 Nf6 7. d4 O-O 8. O-O Bd7 9. Nd5 exd4 10. Nxd4 Nxd4 11. exd4 Nxd5 12. cxd5 Bf5 13. Be3 Re8 14. Qb3 b6 15. Rfc1 Be4 16. Rc3 Rc8 17. Rac1 Bxg2 18. Kxg2 Qd7 19. Rc6 Qf5 20. Rxc7 Rxc7 21. Rxc7 Qe4+ 22. Kg1 h5 23. Qc2 Qxd5 24. Qc6 Qe4 25. Qxe4 Rxe4 26. Rxa7 h4 27. Kg2 hxg3 28. hxg3 d5 29. Rb7 Bxd4 30. Bxd4 Rxd4 31. Rxb6 Rd2 32. a4 d4 33. a5 Rd1 34. a6 Ra1 35. b4 d3 36. b5 {Source: Andy Ansel, 24 October 2024} 1-0

[Event "Robert Silk International"]
[Site "London, Bishopsgate"]
[Date "1978.07.23"]
[Round "7"]
[White "Botterill, George Steven"]
[Black "Littlewood, Paul E"]
[Result "1/2-1/2"]
[WhiteElo "2400"]
[BlackElo "2345"]
[PlyCount "29"]
[EventDate "1978.07.16"]
[EventType "tourn"]
[EventRounds "9"]
[EventCountry "ENG"]
[SourceTitle "BritBase"]
[Source "John Saunders"]
[SourceDate "2024.10.24"]
[SourceVersion "1"]
[SourceVersionDate "2024.10.24"]
[SourceQuality "1"]

1. d4 Nf6 2. c4 e6 3. Nc3 Bb4 4. e3 b6 5. Nge2 Ba6 6. a3 Bxc3+ 7. Nxc3 d5 8. b3 O-O 9. Be2 Nc6 10. a4 Qd7 11. O-O dxc4 12. bxc4 Na5 13. Nb5 c6 14. Na3 Rac8 15. Bd2 {Source: Andy Ansel, 24 October 2024} 1/2-1/2

[Event "Robert Silk International"]
[Site "London, Bishopsgate"]
[Date "1978.07.23"]
[Round "7"]
[White "Durao, Joaquim Manuel"]
[Black "Plaskett, H James"]
[Result "1/2-1/2"]
[WhiteElo "2315"]
[BlackElo "2410"]
[PlyCount "42"]
[EventDate "1978.07.16"]
[EventType "tourn"]
[EventRounds "9"]
[EventCountry "ENG"]
[SourceTitle "BritBase"]
[Source "John Saunders"]
[SourceDate "2024.10.24"]
[SourceVersion "1"]
[SourceVersionDate "2024.10.24"]
[SourceQuality "1"]

1. e4 c5 2. Nf3 e6 3. d4 cxd4 4. Nxd4 Nc6 5. Nc3 Qc7 6. Be2 a6 7. O-O Nf6 8. Kh1 Bb4 9. Nxc6 bxc6 10. Bd3 d5 11. Bd2 O-O 12. Nxd5 Nxd5 13. exd5 Bxd2 14. Qxd2 cxd5 15. Rfe1 e5 16. c4 e4 17. Bf1 dxc4 18. Rxe4 Be6 19. Bxc4 Bxc4 20. Rc1 Rfd8 21. Qe1 Qb7 {Source: Andy Ansel, 24 October 2024} 1/2-1/2

[Event "Robert Silk International"]
[Site "London, Bishopsgate"]
[Date "1978.07.23"]
[Round "7"]
[White "Goodman, David SC"]
[Black "Silva, Fernando"]
[Result "0-1"]
[WhiteElo "2320"]
[BlackElo "2350"]
[PlyCount "70"]
[EventDate "1978.07.16"]
[EventType "tourn"]
[EventRounds "9"]
[EventCountry "ENG"]
[SourceTitle "BritBase"]
[Source "John Saunders"]
[SourceDate "2024.10.24"]
[SourceVersion "1"]
[SourceVersionDate "2024.10.24"]
[SourceQuality "1"]

1. d4 Nf6 2. c4 g6 3. Nc3 d5 4. Nf3 Bg7 5. Bg5 Ne4 6. cxd5 Nxg5 7. Nxg5 e6 8. Nf3 exd5 9. b4 O-O 10. e3 c6 11. Qb3 Be6 12. Be2 Qd6 13. O-O Nd7 14. Na4 b6 15. Rac1 Rac8 16. Ne1 Rfe8 17. Nd3 Bf5 18. Rfe1 Bf8 19. Rb1 Bxd3 20. Qxd3 c5 21. bxc5 bxc5 22. Nc3 cxd4 23. Qxd4 Nb6 24. Red1 Bg7 25. Nb5 Qe7 26. Qd3 Nc4 27. Qxd5 Nxe3 28. fxe3 Qxe3+ 29. Kh1 Rc5 30. Qd6 Bf8 31. Qd4 Qxe2 32. Nc3 Qe5 33. Qxe5 Rexe5 34. Rb3 Re3 35. Nd5 Rxd5 {Source: Andy Ansel, 24 October 2024} 0-1

[Event "Robert Silk International"]
[Site "London, Bishopsgate"]
[Date "1978.07.23"]
[Round "7"]
[White "Kraidman, Yair"]
[Black "Hodgson, Julian M"]
[Result "1-0"]
[WhiteElo "2455"]
[BlackElo "2265"]
[PlyCount "91"]
[EventDate "1978.07.16"]
[EventType "tourn"]
[EventRounds "9"]
[EventCountry "ENG"]
[SourceTitle "BritBase"]
[Source "John Saunders"]
[SourceDate "2024.10.24"]
[SourceVersion "1"]
[SourceVersionDate "2024.10.24"]
[SourceQuality "1"]

1. d4 d5 2. c4 e6 3. Nc3 c5 4. cxd5 exd5 5. Nf3 Nc6 6. g3 Nf6 7. Bg2 Be7 8. O-O O-O 9. dxc5 d4 10. Na4 Bf5 11. Ne1 Qd7 12. Nd3 Rad8 13. Bg5 Rfe8 14. Bxf6 Bxf6 15. b3 Ne5 16. Nab2 Bh3 17. Nxe5 Rxe5 18. Nd3 Rg5 19. f4 Bxg2 20. fxg5 Bxf1 21. gxf6 Bh3 22. Qd2 gxf6 23. Nf4 Re8 24. Rd1 Qg4 25. Qxd4 Rxe2 26. Nxe2 Qxe2 27. Qd2 Qe5 28. Qf2 Be6 29. Qd4 Qe2 30. Rf1 f5 31. Rf2 Qe1+ 32. Kg2 h6 33. b4 a6 34. a4 Qb1 35. Rd2 Kh7 36. Qf4 Qb3 37. Rd8 Qxa4 38. Qd4 Qc2+ 39. Kh3 f4+ 40. g4 Bxg4+ 41. Kxg4 Qg2+ 42. Kxf4 Qxh2+ 43. Ke3 Qg1+ 44. Kd2 Qg5+ 45. Kc2 Qg2+ 46. Kc3 {Source: Andy Ansel, 24 October 2024} 1-0

[Event "Robert Silk International"]
[Site "London, Bishopsgate"]
[Date "1978.07.23"]
[Round "7"]
[White "Speelman, Jonathan S"]
[Black "Wade, Robert Graham"]
[Result "1-0"]
[WhiteElo "2410"]
[BlackElo "2335"]
[PlyCount "73"]
[EventDate "1978.07.16"]
[EventType "tourn"]
[EventRounds "9"]
[EventCountry "ENG"]
[SourceTitle "BritBase"]
[Source "John Saunders"]
[SourceDate "2024.10.24"]
[SourceVersion "1"]
[SourceVersionDate "2024.10.24"]
[SourceQuality "1"]

1. e4 c5 2. Nf3 Nc6 3. Bb5 e6 4. O-O Nf6 5. Nc3 Nd4 6. e5 Nxb5 7. Nxb5 Nd5 8. c4 Nb4 9. d4 a6 10. Bg5 Qb6 11. dxc5 Bxc5 12. Nc3 h6 13. Bf4 Qc7 14. a3 Nc6 15. b4 Be7 16. Bg3 b6 17. Ne4 Nd8 18. Nf6+ Kf8 19. Qd3 a5 20. Nd4 Bb7 21. Rab1 axb4 22. axb4 Ra4 23. Nf3 Rxb4 24. Nxd7+ Ke8 25. Nf6+ Kf8 26. Rxb4 Bxb4 27. Rd1 Be7 28. Bh4 g5 29. Bg3 Bxf3 30. gxf3 Nc6 31. Qe4 h5 32. h3 Kg7 33. f4 h4 34. Bh2 gxf4 35. Bxf4 Bc5 36. Rd7 Qc8 37. Qg2+ {Source: Andy Ansel, 24 October 2024} 1-0

[Event "Robert Silk International"]
[Site "London, Bishopsgate"]
[Date "1978.07.24"]
[Round "8"]
[White "Hodgson, Julian M"]
[Black "Durao, Joaquim Manuel"]
[Result "1-0"]
[WhiteElo "2265"]
[BlackElo "2315"]
[PlyCount "79"]
[EventDate "1978.07.16"]
[EventType "tourn"]
[EventRounds "9"]
[EventCountry "ENG"]
[SourceTitle "BritBase"]
[Source "John Saunders"]
[SourceDate "2024.10.24"]
[SourceVersion "1"]
[SourceVersionDate "2024.10.24"]
[SourceQuality "1"]

1. e4 e6 2. d4 d5 3. e5 c5 4. c3 Nc6 5. Nf3 Qb6 6. a3 c4 7. Nbd2 Na5 8. g3 Bd7 9. Bh3 h5 10. Rb1 Be7 11. Nf1 Bxa3 12. Bg5 Be7 13. Bxe7 Nxe7 14. Qc1 Nb3 15. Qg5 Ng6 16. N1d2 a5 17. Nxb3 cxb3 18. O-O a4 19. Nd2 Bb5 20. Rfc1 Bd3 21. Ra1 a3 22. Qe3 Bc2 23. Rxa3 Rxa3 24. bxa3 O-O 25. Bf1 Qa5 26. c4 dxc4 27. Bxc4 Qxa3 28. Nxb3 Bxb3 29. Bxb3 Ne7 30. Rb1 Nf5 31. Qe4 Rc8 32. d5 Rc1+ 33. Rxc1 Qxc1+ 34. Kg2 Qc3 35. Bc2 g6 36. d6 Kf8 37. Ba4 Qb2 38. Qd3 Nd4 39. Qc4 b5 40. Qc5 {Time. Source: Andy Ansel, 24 October 2024} 1-0

[Event "Robert Silk International"]
[Site "London, Bishopsgate"]
[Date "1978.07.24"]
[Round "8"]
[White "Littlewood, Paul E"]
[Black "Kraidman, Yair"]
[Result "1-0"]
[WhiteElo "2345"]
[BlackElo "2455"]
[PlyCount "103"]
[EventDate "1978.07.16"]
[EventType "tourn"]
[EventRounds "9"]
[EventCountry "ENG"]
[SourceTitle "BritBase"]
[Source "John Saunders"]
[SourceDate "2024.10.24"]
[SourceVersion "1"]
[SourceVersionDate "2024.10.24"]
[SourceQuality "1"]

1. e4 e5 2. Nf3 Nc6 3. Bc4 Bc5 4. c3 Nf6 5. d4 exd4 6. cxd4 Bb4+ 7. Bd2 Bxd2+ 8. Nbxd2 d5 9. exd5 Nxd5 10. Qb3 Nce7 11. O-O O-O 12. Rfe1 Nb6 13. Bd3 Nf5 14. Re4 Nd6 15. Re5 Nd7 16. Re2 Nf6 17. Rae1 Be6 18. Qc2 Bd5 19. Ne5 h6 20. Qc3 Be6 21. Bb1 Nb5 22. Qc1 Nxd4 23. Re3 Bf5 24. Bxf5 Nxf5 25. Rd3 Qc8 26. Ndf3 Nd6 27. h3 Re8 28. Rc3 Nd5 29. Rd3 c6 30. Qc5 Nf5 31. Red1 Qe6 32. b4 Nh4 33. b5 Nf4 34. Nxh4 Nxd3 35. Nxd3 Qe2 36. Qc1 Rad8 37. Qb1 Re5 38. bxc6 bxc6 39. Nb2 Rxd1+ 40. Nxd1 Rb5 41. Qc1 Qe1+ 42. Kh2 Rd5 43. Qxc6 Qxd1 44. Nf5 Kh7 45. Ne3 Qd2 46. Qxd5 Qxf2 47. Qf5+ Qxf5 48. Nxf5 Kg6 49. Ne7+ Kf6 50. Nc6 a6 51. Nb8 a5 52. a4 {Source: Andy Ansel, 24 October 2024} 1-0

[Event "Robert Silk International"]
[Site "London, Bishopsgate"]
[Date "1978.07.24"]
[Round "8"]
[White "Plaskett, H James"]
[Black "Goodman, David SC"]
[Result "0-1"]
[WhiteElo "2410"]
[BlackElo "2320"]
[PlyCount "88"]
[EventDate "1978.07.16"]
[EventType "tourn"]
[EventRounds "9"]
[EventCountry "ENG"]
[SourceTitle "BritBase"]
[Source "John Saunders"]
[SourceDate "2024.10.24"]
[SourceVersion "1"]
[SourceVersionDate "2024.10.24"]
[SourceQuality "1"]

1. e4 e6 2. d4 d5 3. Nd2 Be7 4. Ngf3 Nf6 5. Bd3 b6 6. Qe2 Bb7 7. O-O dxe4 8. Nxe4 Nbd7 9. Neg5 h6 10. Nxe6 fxe6 11. Bg6+ Kf8 12. Ne5 Nxe5 13. dxe5 Qd5 14. f4 Bc5+ 15. Kh1 Ne4 16. Be3 Bxe3 17. Qxe3 Nd6 18. Qh3 Nf5 19. Bxf5 exf5 20. Qxf5+ Kg8 21. Qg4 h5 22. Qg5 Rh6 23. Rad1 Qe6 24. Rd2 h4 25. Kg1 h3 26. g3 Rf8 27. b3 b5 28. Kf2 Bg2 29. Re1 b4 30. Rd8 Rxd8 31. Qxd8+ Kh7 32. Qd3+ Kh8 33. Qd8+ Qg8 34. Qxc7 Qa8 35. Kg1 Rc6 36. Qe7 Qb8 37. Re2 Qb6+ 38. Rf2 Qd4 39. Qe8+ Kh7 40. Qh5+ Rh6 41. Qf5+ Rg6 42. Qh5+ Kg8 43. c3 bxc3 44. f5 c2 {Source: Andy Ansel, 24 October 2024} 0-1

[Event "Robert Silk International"]
[Site "London, Bishopsgate"]
[Date "1978.07.24"]
[Round "8"]
[White "Speelman, Jonathan S"]
[Black "Botterill, George Steven"]
[Result "1/2-1/2"]
[WhiteElo "2410"]
[BlackElo "2400"]
[PlyCount "21"]
[EventDate "1978.07.16"]
[EventType "tourn"]
[EventRounds "9"]
[EventCountry "ENG"]
[SourceTitle "BritBase"]
[Source "John Saunders"]
[SourceDate "2024.10.24"]
[SourceVersion "1"]
[SourceVersionDate "2024.10.24"]
[SourceQuality "1"]

1. c4 Nf6 2. Nf3 c5 3. Nc3 d5 4. cxd5 Nxd5 5. e3 Nc6 6. d4 e6 7. Bd3 cxd4 8. exd4 Be7 9. O-O O-O 10. Re1 Nxc3 11. bxc3 {Source: Andy Ansel, 24 October 2024} 1/2-1/2

[Event "Robert Silk International"]
[Site "London, Bishopsgate"]
[Date "1978.07.24"]
[Round "8"]
[White "Wade, Robert Graham"]
[Black "Silva, Fernando"]
[Result "1/2-1/2"]
[WhiteElo "2335"]
[BlackElo "2350"]
[PlyCount "34"]
[EventDate "1978.07.16"]
[EventType "tourn"]
[EventRounds "9"]
[EventCountry "ENG"]
[SourceTitle "BritBase"]
[Source "John Saunders"]
[SourceDate "2024.10.24"]
[SourceVersion "1"]
[SourceVersionDate "2024.10.24"]
[SourceQuality "1"]

1. c4 g6 2. g3 Bg7 3. Bg2 c5 4. Nc3 Nc6 5. e3 e5 6. Nge2 Nge7 7. a3 O-O 8. Rb1 a5 9. O-O Rb8 10. b3 d6 11. Bb2 Be6 12. Nd5 b5 13. Nec3 b4 14. axb4 axb4 15. Nxe7+ Nxe7 16. Nd5 Nxd5 17. cxd5 Bd7 {Source: Andy Ansel, 24 October 2024} 1/2-1/2